DC DUTTA'S TB. OF OBSTETRICS (Record no. 10593)
[ view plain ]
| 000 -LEADER | |
|---|---|
| fixed length control field | 00309nam a22001457a 4500 |
| 003 - CONTROL NUMBER IDENTIFIER | |
| control field | SGT |
| 082 ## - DEWEY DECIMAL CLASSIFICATION NUMBER | |
| Classification number | 618.2 |
| Item number | D16K |
| 100 ## - MAIN ENTRY--PERSONAL NAME | |
| Personal name | KONAR, HIRALAL |
| 245 ## - TITLE STATEMENT | |
| Title | DC DUTTA'S TB. OF OBSTETRICS |
| 250 ## - EDITION STATEMENT | |
| Edition statement | 8TH |
| 260 ## - PUBLICATION, DISTRIBUTION, ETC. (IMPRINT) | |
| Place of publication, distribution, etc | INDIA |
| Name of publisher, distributor, etc | JAYPEE |
| Year of Publication | 2016 |
| 300 ## - PAGE DESCRIPTION | |
| No. of Pages | 782 |
| 650 ## - SUBJECT ADDED ENTRY--TOPICAL TERM | |
| Topical term or geographic name as entry element | OBSTETRICS |
| 942 ## - ADDED ENTRY ELEMENTS (KOHA) | |
| Source of classification or shelving scheme | Dewey Decimal Classification |
| Koha item type | Books |
| 942 ## - ADDED ENTRY ELEMENTS (KOHA) | |
| -- | 119 |
| Withdrawn status | Lost status | Source of classification or shelving scheme | Damaged status | Not for loan | Collection code | Home library | Current library | Shelving location | Date acquired | Vendor Name | Cost, normal purchase price | SGTU | Bill Number | Total Checkouts | Total Renewals | Full call number | Accession No. (Barcode) | Date last seen | Date last borrowed | Bill Date | Koha item type |
|---|---|---|---|---|---|---|---|---|---|---|---|---|---|---|---|---|---|---|---|---|---|
| Dewey Decimal Classification | MEDICAL | SGT Medical Library | SGT Medical Library | Text Book | 23/01/2017 | ABC | 850.00 | SGTU | 7551 | 42 | 2 | 618.2 D16K | FM8436 | 12/02/2025 | 03/02/2025 | 23/12/2016 | Books | ||||
| Dewey Decimal Classification | MEDICAL | SGT Medical Library | SGT Medical Library | Text Book | 23/01/2017 | ABC | 850.00 | SGTU | 7551 | 65 | 618.2 D16K | FM8437 | 05/05/2026 | 20/04/2026 | 23/12/2016 | Books | |||||
| Dewey Decimal Classification | MEDICAL | SGT Medical Library | SGT Medical Library | Text Book | 23/01/2017 | ABC | 850.00 | SGTU | 7551 | 46 | 618.2 D16K | FM8438 | 26/02/2026 | 13/02/2026 | 23/12/2016 | Books | |||||
| Dewey Decimal Classification | MEDICAL | SGT Medical Library | SGT Medical Library | Text Book | 23/01/2017 | ABC | 850.00 | SGTU | 7551 | 80 | 618.2 D16K | FM8439 | 13/06/2025 | 27/05/2025 | 23/12/2016 | Books | |||||
| Dewey Decimal Classification | MEDICAL | SGT Medical Library | SGT Medical Library | Text Book | 23/01/2017 | ABC | 850.00 | SGTU | 7551 | 55 | 618.2 D16K | FM8440 | 24/05/2024 | 08/05/2024 | 23/12/2016 | Books |